| 000 | 00517nam a2200181 a 4500 | ||
|---|---|---|---|
| 005 | 20260421154539.0 | ||
| 008 | 260416s2026##################000#0#eng## | ||
| 020 |
_a9780202308159 _qpbk |
||
| 041 | _aEng | ||
| 082 | 0 | 4 | _a361.68 DIE |
| 100 | _aDiesing, Paul. | ||
| 245 | 1 | 0 |
_aScience& Ideology : in the policy sciences. _c/ by Paul Diesing. |
| 250 | _a1st | ||
| 260 |
_aNew York: _bAldine Publications, _c1982. |
||
| 300 |
_aix;460p. _c;20 cm |
||
| 650 | _aSocial Problems, Social Science. | ||
| 942 | _cENGLISH | ||
| 999 |
_c619485 _d619485 |
||